MARC

LEADER 00000nam0a2200000 4500
001 181458
005 20231031171103.0
020 |a RU  |b 82-2597 
035 |a (RuTPU)RU\TPU\book\196708 
090 |a 181458 
100 |a 20100607d1980 m a0rusy5003 ca 
101 0 |a rus 
102 |a RU 
105 |a y j 001zy 
200 1 |a Уравнения математической физики в горном деле  |e учебное пособие для вузов  |f В. Я. Волк [и др.]  |g Московский горный институт (МГИ) 
210 |a Москва  |c МГИ  |d 1980 
215 |a 91 с. 
610 1 |a математическая физика 
610 1 |a применение 
610 1 |a горное дело 
610 1 |a уравнения 
610 1 |a дифференциальные уравнения 
610 1 |a теплопроводность 
610 1 |a задача Коши 
610 1 |a учебные пособия 
675 |a 622:53(075.8)  |z rus 
701 1 |a Волк  |b В. Я.  |g Владимир Яковлевиич 
701 1 |a Килль  |b И. Д. 
701 1 |a Синельников  |b В. Я. 
701 1 |a Цодокова  |b Н. С. 
712 0 2 |a Московский горный институт (МГИ)  |c (1930-1962, 1966-1993)  |2 stltpush  |3 (RuTPU)RU\TPU\col\3944 
801 0 |a RU  |b RuMRKP  |c 19950704  |g psbo 
801 1 |a RU  |b 63413507  |c 20100607 
801 2 |a RU  |b 63413507  |c 20110215  |g RCR 
942 |c BK